La Amortajada.

Сохранить в:
Библиографические подробности
Главный автор: Bombal, María Luisa, 1910-1980 (autora)
Формат:
Опубликовано: Santiago, Chile: Universitaria, 2009.
Редактирование:Edición especial.
Серии:El Mundo de las Letras
Предметы:
Метки: Добавить метку
Нет меток, Требуется 1-ая метка записи!

MARC

LEADER 00000nam a2200000 a 4500
001 UCX1851
003 CL-VaPUC
005 20241121125442.0
008 241111t2009 ||||| |||| 00| 0 eng d
999 |c 445553  |d 445551 
020 |a 978-956-11-2060-0 
040 |c Pontificia Universidad Católica de Valparaíso 
082 0 4 |a Ch863 BOM 2009  |2 21 
100 |a Bombal, María Luisa,   |d 1910-1980  |e autora  |9 307961 
245 1 3 |a La Amortajada. 
250 |a Edición especial. 
260 |a Santiago, Chile:  |b Universitaria,  |c 2009. 
300 |a 76 páginas. 
490 0 |a El Mundo de las Letras 
500 |a c.1 Donación Bib Educación. Memo 2024. 8-11-24 
583 |a last modification  |c 19901112 00:00:00  |k Catalogador Asistente 
650 0 |a Novelas chilenas   |9 265425 
650 0 |a Cuentos chilenos   |9 308280 
942 |c BK  |2 ddc 
952 |0 0  |1 0  |2 ddc  |4 0  |6 CH_863_000000000000000_BOM_2009  |7 0  |8 A  |9 597901  |a BIBEDU  |b BIBEDU  |d 2024-11-11  |e Donación  |i 5663145  |o Ch863 BOM 2009  |p 5663145  |r 2024-11-11  |t 1  |w 2024-11-11  |y BK  |k LIT